| 000 | 00649nam a2200229Ia 4500 | ||
|---|---|---|---|
| 003 | OSt | ||
| 005 | 20230622122632.0 | ||
| 008 | 210423s2013 xx 000 0 und d | ||
| 020 | _a10-81-7992-257-X | ||
| 040 | _cAL | ||
| 041 | _aeng | ||
| 082 |
_a658.155 _223 _bBAGC |
||
| 100 |
_aBAGCHI (S K) _9111428 |
||
| 245 | _aCredit risk management: RBI/Basel II implications | ||
| 260 |
_aAhmedabad _bJaico Publishing House _c2013 |
||
| 300 |
_axiv,398 _bPB |
||
| 365 |
_b399 _cINR |
||
| 650 |
_aFinancial Management _9111429 |
||
| 650 |
_aManagement _9111430 |
||
| 906 | _aCredit ; implications ; management: ; RBI/Basel ; risk | ||
| 942 |
_2ddc _cBK |
||
| 999 |
_c167047 _d167047 |
||